Homonym Movie Fun Quiz Stats

 Plays Quiz Updated Oct 1, 2017

Challenge
Share
Tweet
Embed
Score 0/20 Timer 06:00
22 Plays Today
% Correct
Star Wars Episode IV: A Gnu Hope
95.6%
The Dark Night
95.6%
The Maize Runner
94.2%
Brother Bare
94.1%
Space Jamb
94%
The Hoarse Whisperer
93.5%
Meat the Parents
92.9%
Robin Hood: Prints of Thieves
92.8%
The Loan Ranger
92.1%
Guerillas in the Mist
91.9%
% Correct
Thyme Bandits
91.4%
You've Got Male
91.3%
P.S. I Love Ewe
90.1%
My Fare Lady
89.1%
Wok the Line
89%
The Hateful Ate
87.4%
Citizen Cane
85.2%
The Handmaid's Tail
84.7%
The Write Stuff
82.5%
Cent of a Woman
81.9%

You're not logged in!

Compare scores with friends on all Sporcle quizzes.
Join for Free
OR
Log In

You Might Also Like...

Show Comments

Extras

Top Quizzes Today


Score Distribution

Your Account Isn't Verified!

In order to create a playlist on Sporcle, you need to verify the email address you used during registration. Go to your Sporcle Settings to finish the process.

Report this User

Report this user for behavior that violates our Community Guidelines.

Details: